Casas para el siglo XXI /

Na minha lista:
Detalhes bibliográficos
Autor principal: Broto, Carles (ed.)
Outros Autores: Minguet, Josep Maria (edición) (edición)
Formato: Livro
Idioma:espanhol
Publicado em: Barcelona, España : Instituto Monsa de Ediciones, 2003, c2003
Assuntos:
Tags: Adicionar Tag
Sem tags, seja o primeiro a adicionar uma tag!

MARC

LEADER 00000nam^a2200000^a^4500
001 000156626
005 20250521000000.0
009 20260310100511.403
020 |a 84-95275-95-3 
037 |a Acervo ITESO - Biblioteca 
041 |a ESP 
082 |a 728.  |b BRO 
100 |a Broto, Carles  |e (ed.) 
245 1 0 |a Casas para el siglo XXI /  |c Ed. de C. Broto, J.M. Minguet. 
264 4 |a Barcelona, España :  |b Instituto Monsa de Ediciones,  |c 2003, c2003 
300 |a 287 p. 
336 |a texto  |b txt  |2 rdacontenido 
337 |a sin mediación  |b n  |2 rdamedio 
338 |a volumen  |b nc  |2 rdasoporte 
649 |a XX 
650 |a Vivienda 
650 |a Decoración y Ornamentación 
650 |a Espacio Arquitectónico 
650 |a Diseño Arquitectónico 
650 |a Arquitectura 
700 |a Minguet, Josep Maria  |e (edición) 
910 |a Fondo General 
920 |a Impresos - Libros 
930 |a Reserva Especial 
905 |a 103 
901 |a 0500085344  |b IT1  |c REE  |u 20250521 
902 |a https://opac.biblio.iteso.mx/vufind/Record/000156626